| 000 | 00611nam a2200181 a 4500 | ||
|---|---|---|---|
| 005 | 20230608063622.0 | ||
| 008 | 991125s1957 mx 000 0 spa u | ||
| 035 | _aUPN01000028668 | ||
| 049 | _aLT | ||
| 050 | 4 |
_aLB1584 M6 _bH6.4 |
|
| 245 | 0 | 3 |
_aEl hombre, la familia y la patria : _blecturas de orientación cívica y social |
| 260 |
_aMéxico : _bPRI, Comité Central Ejecutivo, _c1957 |
||
| 300 | _a357 p. | ||
| 500 | _a"Año de la Constitución de 1857 y del Pensamiento Liberal Mexicano" | ||
| 650 | 4 |
_aCiencias sociales _xEstudio y enseñanza (Elemental) _92813 |
|
| 904 |
_aAC _b028669 |
||
| 905 | _aLibro | ||
| 999 |
_c28668 _d28668 |
||